Power Plant Engineering (Record no. 318298)

MARC details
000 -LEADER
fixed length control field 00433nam a2200157Ia 4500
008 - FIXED-LENGTH DATA ELEMENTS--GENERAL INFORMATION
fixed length control field 230718s9999 xx 000 0 und d
041 ## - LANGUAGE CODE
Language code of text/sound track or separate title eng
082 ## - DEWEY DECIMAL CLASSIFICATION NUMBER
Classification number 621.4
Item number ELA
100 ## - MAIN ENTRY--PERSONAL NAME
Personal name Elanchezhian C.
245 ## - TITLE STATEMENT
Title Power Plant Engineering
260 ## - PUBLICATION, DISTRIBUTION, ETC. (IMPRINT)
Name of publisher, distributor, etc. Ik International
300 ## - PHYSICAL DESCRIPTION
Extent 337
365 ## - TRADE PRICE
Currency code Rs.
Price amount 195.00
700 ## - ADDED ENTRY--PERSONAL NAME
Personal name Elanchezhian C.; Saravanakumar L. & Ramnath V.B.
9 (RLIN) 189851
906 ## - LOCAL DATA ELEMENT F, LDF (RLIN)
d B:107080131722-Jan-2008
c MECH
b 39
Holdings
Withdrawn status Lost status Damaged status Not for loan Home library Current library Date acquired Vendor Budget Code Cost, normal purchase price Bill number Total Checkouts Full call number Barcode Date last seen Discount Cost, replacement price Bill Date Koha item type Original Barcode
        Cummins College of Engineering for Women Pune Cummins College of Engineering for Women Pune 31/01/2008 Varma Book Distributors MECH 156.00 1070801317   621.4 CCEP-BK-29505 18/07/2023 39 195.00 22/01/2008 Books 029505